Value-added gains from the rubber wood industry in Asia (Record no. 48310)

MARC details
000 -LEADER
fixed length control field 00350nam a2200121Ia 4500
100 ## - MAIN ENTRY--AUTHOR NAME
Personal name Tuan Haiji Jahaya Bin Mat
245 #0 - TITLE STATEMENT
Title Value-added gains from the rubber wood industry in Asia
260 ## - PUBLICATION, DISTRIBUTION, ETC. (IMPRINT)
Name of publisher International Rubber Digest
Year of publication 1997
300 ## - PHYSICAL DESCRIPTION
Number of Pages Nov-16
650 ## - SUBJECT ADDED ENTRY--TOPICAL TERM
Topical Term Rubberwood industry
942 ## - ADDED ENTRY ELEMENTS (KOHA)
Koha item type Bibliography RLWO
Holdings
Withdrawn status Lost status Damaged status Not for loan Home library Current library Date acquired Serial Enumeration / chronology Koha item type
      Bibliography RRII Library RRII Library 31/12/2021 Volume 51, Issue 1 Bibliography RLWO